000
00270nam a2200109Ia 4500
008
190216s9999||||xx |||||||||||||| ||und||
100
_a
Manikkavachakam Chettiyar
245
0
_a
Panjiyum Noolum
260
_b
Southern Language Book Trust
650
_a
Physics
942
_c
BK
999
_c
32786
_d
32786